[Event "St Mandrier IDF-ch"]
[Site "St Mandrier"]
[Date "2012.04.03"]
[Round "2"]
[White "Rambaud Herri, Patrick"]
[Black "Questel, Alain"]
[Result "0-1"]
[WhiteElo "1499"]
[BlackElo "1775"]
[PlyCount "106"]
[EventDate "2012.04.03"]
[EventType "swiss"]
[EventRounds "6"]
[EventCountry "FRA"]
[SourceTitle "EXT 2014"]
[Source "ChessBase"]
[SourceDate "2013.11.20"]
[SourceVersion "1"]
[SourceVersionDate "2013.11.20"]
[SourceQuality "1"]

1. d4 Nf6 2. Bg5 Ne4 3. Bf4 g6 4. f3 Nf6 5. Bg3 d5 6. e3 Bg7 7. Bd3 c5 8. c3 c4 9. Bc2 0-0 10. Nd2 Nbd7 11. Ne2 Nh5 12. Bf2 f5 13. 0-0 Ndf6 14. b3 b5 15. bxc4 bxc4 16. Bh4 Bh6 17. Bf2 g5 18. e4 e6 19. Be3 f4 20. Bf2 Kh8 21. Bb1 Rg8 22. Qc2 Qc7 23. g4 fxg3 24. Nxg3 Nf4 25. Kh1 Qg7 26. e5 N6h5 27. Nxh5 Nxh5 28. Rg1 Nf4 29. Be3 Qf7 30. Qd1 Bd7 31. Qe1 Qh5 32. Bc2 Raf8 33. Qf1 Ng6 34. Bd1 Nf4 35. Rb1 Rb8 36. Rc1 Be8 37. Rg4 Bg6 38. Qg1 Bf5 39. Rg3 Bd3 40. Bc2 Ne2 41. Qg2 Nxc1 42. Nf1 Ne2 43. Rh3 Qg6 44. Bd2 Bxc2 45. Qxe2 Bd3 46. Qf2 Rb1 47. Be1 Bf5 48. Rg3 g4 49. Ne3 Bf4 50. Rg1 Bxe3 51. Qxe3 Qh5 52. fxg4 Bxg4 53. Qg3 Bf3+ 0-1